000 00564nam a22002177a 4500
003 UA-OsUOA
001 78966
007 ta
008 20111025b un ||||| |||| 00| 0 ukr d
100 _aАдамчук А.
090 _a908
_bА28
942 _cSA
040 _aUA-OsUOA
_bukr
_cUA-OsUOA
_dUA-OsUOA
245 _aРеставратор трону Острозьких
300 _aС.16
955 _a0
041 _aukr
080 _a908
773 0 _w78965
_tЛітопис Заходу
_dРівне
_d2011
_g3
650 7 _a908 Краєзнавство
_2UDC
999 _c365281
_d365281